• 首页
  • 本馆介绍
  • 公告通知
  • 最新文献
  • 馆藏检索
  • 电子资源
  • 读者导购
  • 参考咨询
  • 我的图书馆
  • 登录
  • 详细信息显示
  • 放入我的书架
  • 预约/预借图书
  • 作者相关作品
  • 分类相关作品
  • 丛书相关作品
  • 出版社相关作品

书目信息

  • 表格格式
  • 工作单格式
  • 卡片格式
题名:
中国古典园林与现代转译十五讲
    
 
作者: 田朝阳, 著
分册:  
出版信息: 北京   中国建筑工业出版社  2018
页数: 214页
开本: 23cm
丛书名:
单 册:
中图分类: TU986.62-53 , TU986.62
科图分类:
主题词: 古典园林--园林设计--中国--文集
电子资源:
ISBN: 978-7-112-21373-3
000 01082nam0 2200253 450
001 2362113009
005 20231202171535.35
010    @a978-7-112-21373-3@dCNY58.00
100    @a20180314d2018 em y0chiy50 ea
101 0  @achi
102    @aCN@b110000
105    @aak a 000yy
200 1  @a中国古典园林与现代转译十五讲@Azhong guo gu dian yuan lin yu xian dai zhuan yi shi wu jiang@f田朝阳等著
210    @a北京@c中国建筑工业出版社@d2018
215    @a214页@c图@d23cm
314    @a田朝阳, 生于1963年, 河南农业大学教授, 硕士生导师, 城乡规划学科带头人, 主要研究方向为中国古典园林设计理论及现代转译。
320    @a有书目
330    @a本书作者将多年发表的有关论文集文成册, 提出自己对于中国古典园林的独特的现代转译。以结构模式、空间模式、界面模式、入画模式等各类模式图以及作品分析为主要内容, 便于本科生、研究生和设计单位学习、掌握中国古典园林的造园手法和内在价值。
606 0  @a古典园林@x园林设计@y中国@j文集
690    @aTU986.62-53@v5
690    @aTU986.62@v4
701  0 @a田朝阳,@Atian zhao yang@f1963-@4著
801  0 @aCN@b湖北三新@c20180314
905    @aZUCC@dTU986.62@e7
    
    中国古典园林与现代转译十五讲/田朝阳等著.-北京:中国建筑工业出版社,2018
    214页:图;23cm
    
    
    ISBN 978-7-112-21373-3:CNY58.00
    本书作者将多年发表的有关论文集文成册, 提出自己对于中国古典园林的独特的现代转译。以结构模式、空间模式、界面模式、入画模式等各类模式图以及作品分析为主要内容, 便于本科生、研究生和设计单位学习、掌握中国古典园林的造园手法和内在价值。
●
相关链接 在五车中查询图书 在当当中查询图书 在豆瓣中查询图书


正题名:中国古典园林与现代转译十五讲     索取号:TU986.62/7         预约/预借

序号 登录号 条形码 馆藏地/架位号 状态 备注
1 2001286985   2001286985   三新/湖北三新(第三批)/882/ [索取号:TU986.62/7] 在馆    
2 2001286986   2001286986   三新/湖北三新(第三批)/882/ [索取号:TU986.62/7] 在馆    
3 2001286987   2001286987   三新/湖北三新(第三批)/882/ [索取号:TU986.62/7] 在馆    
4 2001286988   2001286988   三新/湖北三新(第三批)/882/ [索取号:TU986.62/7] 在馆    
5 2001286989   2001286989   三新/湖北三新(第三批)/882/ [索取号:TU986.62/7] 在馆    
6 2001286990   2001286990   三新/湖北三新(第三批)/882/ [索取号:TU986.62/7] 在馆    
7 2001286991   2001286991   三新/湖北三新(第三批)/882/ [索取号:TU986.62/7] 在馆    
8 2001286992   2001286992   三新/湖北三新(第三批)/882/ [索取号:TU986.62/7] 在馆    
9 2001286993   2001286993   三新/湖北三新(第三批)/882/ [索取号:TU986.62/7] 在馆    
10 2001286994   2001286994   三新/湖北三新(第三批)/882/ [索取号:TU986.62/7] 在馆    
11 2001286995   2001286995   三新/湖北三新(第三批)/882/ [索取号:TU986.62/7] 在馆    
12 2001286996   2001286996   三新/湖北三新(第三批)/882/ [索取号:TU986.62/7] 在馆    
13 2001286997   2001286997   三新/湖北三新(第三批)/882/ [索取号:TU986.62/7] 在馆    
14 2001286998   2001286998   三新/湖北三新(第三批)/883/ [索取号:TU986.62/7] 在馆    
15 2001286999   2001286999   三新/湖北三新(第三批)/883/ [索取号:TU986.62/7] 在馆    
16 2001287000   2001287000   三新/湖北三新(第三批)/883/ [索取号:TU986.62/7] 在馆    
17 2001287001   2001287001   三新/湖北三新(第三批)/883/ [索取号:TU986.62/7] 在馆    
18 2001287002   2001287002   三新/湖北三新(第三批)/883/ [索取号:TU986.62/7] 在馆    
19 2001287003   2001287003   三新/湖北三新(第三批)/883/ [索取号:TU986.62/7] 在馆    
20 2001287004   2001287004   三新/湖北三新(第三批)/883/ [索取号:TU986.62/7] 在馆    
21 2001287005   2001287005   三新/湖北三新(第三批)/883/ [索取号:TU986.62/7] 在馆    
22 2001287006   2001287006   三新/湖北三新(第三批)/883/ [索取号:TU986.62/7] 在馆    
23 2001287007   2001287007   三新/湖北三新(第三批)/883/ [索取号:TU986.62/7] 在馆    
24 2001287008   2001287008   三新/湖北三新(第三批)/883/ [索取号:TU986.62/7] 在馆    
25 2001287009   2001287009   三新/湖北三新(第三批)/883/ [索取号:TU986.62/7] 在馆    
26 2001287010   2001287010   三新/湖北三新(第三批)/883/ [索取号:TU986.62/7] 在馆    
27 2001287011   2001287011   三新/湖北三新(第三批)/883/ [索取号:TU986.62/7] 在馆    
28 2001287012   2001287012   三新/湖北三新(第三批)/883/ [索取号:TU986.62/7] 在馆    
29 2001287013   2001287013   三新/湖北三新(第三批)/883/ [索取号:TU986.62/7] 在馆    
30 2001287014   2001287014   三新/湖北三新(第三批)/883/ [索取号:TU986.62/7] 在馆    
山东省滨州职业学院图书馆 欢迎您!
大连网信软件有限公司© 版权所有